Mercado de tierras rurales productivas en Colombia : (Registro nro. 18957)

Detalles MARC
000 -CABECERA
Campo de control 01297nam a2200277 a 4500
005 - FECHA Y HORA DE LA ULTIMA TRANSACCION
Campo de control 20171227110748.0
008 - ELEMENTOS DE LONGITUD FIJA—INFORMACION GENERAL
Campo de control 160811b ck abdo|r|||| 00| 0 spa d
020 ## - ISBN
ISBN 9789585918993
040 ## - FUENTE DE CATALOGACIÓN
Agencia catalogadora original CO-BoIAVH
Agencia transcriptora CO-BoIAVH
041 0# - IDIOMA
Código de idioma para texto/pista de sonido o título separado Español
044 ## - PAÍS DE PUBLICACIÓN
País de publicación Colombia
082 04 - NUMERO DE CLASIFICACION DECIMAL DEWEY
Número de clasificación 333.76
Número del ítem M53t
245 00 - MENCION DE TITULO
Título Mercado de tierras rurales productivas en Colombia :
Parte restante del título caracterización, marco conceptual, jurídico e institucional/
Mención de responsabilidad Unidad de Planificación Rural Agropecuaria
260 ## - PUBLICACION, DISTRIBUCION, ETC. (PIE DE IMPRENTA)
Lugar de publicación, distribución, etc. Bogotá, Colombia :
Nombre del editor, distribuidor, etc. Unidad de Planificación Rural Agropecuaria :
-- Universidad Nacional de Colombia - IEU :
-- Minagricultura,
Fecha de publicación, distribución, etc. [s.f.].
300 ## - DESCRIPCION FISICA
Extensión 112 páginas :
Otros detalles físicos ilustraciones, mapas, tablas y fotografías a color ;
Dimensiones 28 x 21 cm.
500 ## - NOTA GENERAL
Nota general Incluye glosario.
504 ## - NOTA DE BIBLIOGRAFIA, ETC.
Nota de bibliografía Incluye referencias bibliográficas.
650 26 - ASIENTO SECUNDARIO DE MATERIA - TERMINO TEMATICO
Término temático o nombre geográfico como elemento de entrada Mercado de tierras
Subdivisión general características
Subdivisión geográfica Colombia
9 (RLIN) 75826
650 26 - ASIENTO SECUNDARIO DE MATERIA - TERMINO TEMATICO
Término temático o nombre geográfico como elemento de entrada Mercado de tierras
Subdivisión general Aspectos jurídicos
Subdivisión geográfica Colombia
9 (RLIN) 75827
650 26 - ASIENTO SECUNDARIO DE MATERIA - TERMINO TEMATICO
Término temático o nombre geográfico como elemento de entrada Mercado de tierras
Subdivisión general Aspectos económicos
Subdivisión geográfica Colombia
9 (RLIN) 75828
650 26 - ASIENTO SECUNDARIO DE MATERIA - TERMINO TEMATICO
Término temático o nombre geográfico como elemento de entrada Propiedad de la tierra
Subdivisión geográfica Colombia
9 (RLIN) 75830
650 26 - ASIENTO SECUNDARIO DE MATERIA - TERMINO TEMATICO
9 (RLIN) 75829
Término temático o nombre geográfico como elemento de entrada Zonas rurales
Subdivisión geográfica Colombia
710 2# - ASIENTO SECUNDARIO - NOMBRE CORPORATIVO
Nombre corporativo o de jurisdicción como elemento de entrada Universidad Nacional de Colombia
Unidad subordinada Instituto de Estudios Urbanos
9 (RLIN) 75831
710 2# - ASIENTO SECUNDARIO - NOMBRE CORPORATIVO
Nombre corporativo o de jurisdicción como elemento de entrada Unidad de Planificación Rural Agropecuaria
9 (RLIN) 74185
942 ## - ELEMENTOS ADICIONALES (KOHA)
Sistema de clasificación Dewey Decimal Classification
Tipo de ítem Libro
Existencias
Withdrawn status Lost status Sistema de Clasificación Damaged status No para préstamo Colección Inventariado Ubicación Permanente Ubicación actual Fecha de adquisición Fuente de Valor Valor Total Checkouts Número topográfico Inventario / Código de Barras Date last seen Ejemplar Price effective from Forma de adquisición Tipo de material
    Dewey Decimal Classification     General Inventariado 2017 Bogotá Bogotá 11/08/2016 Instituto 39000.00   LB-333.76 M53t 040592 11/08/2016 Ej. 1 11/08/2016 Donación Libro